Panorama : Building the perspective through listening
Αποθηκεύτηκε σε:
| Κύριος συγγραφέας: | |
|---|---|
| Μορφή: | Βιβλίο |
| Γλώσσα: | Undetermined |
| Έκδοση: |
Oxford
Oxford University Press
2007
|
| Θέματα: | |
| Ετικέτες: |
Προσθήκη ετικέτας
Δεν υπάρχουν, Καταχωρήστε ετικέτα πρώτοι!
|
| Thư viện lưu trữ: | Trung tâm Học liệu Trường Đại học Cần Thơ |
|---|
| LEADER | 00656nam a2200217Ia 4500 | ||
|---|---|---|---|
| 001 | CTU_182433 | ||
| 008 | 210402s9999 xx 000 0 und d | ||
| 020 | |c 212000 | ||
| 082 | |a 428.0071 | ||
| 082 | |b M113/Vol.3 | ||
| 100 | |a Mackey, Daphne | ||
| 245 | 0 | |a Panorama : | |
| 245 | 0 | |b Building the perspective through listening | |
| 245 | 0 | |c Daphne Mac Key, Laurie Blass, Cherry Campbell | |
| 260 | |a Oxford | ||
| 260 | |b Oxford University Press | ||
| 260 | |c 2007 | ||
| 650 | |a English language,Anh ngữ thực hành | ||
| 650 | |x textbooks for foreign speakers | ||
| 910 | |a Nguyên | ||
| 980 | |a Trung tâm Học liệu Trường Đại học Cần Thơ | ||